000 02114cam a22006254i 4500
003 PE-LiUPU
005 20250731170426.0
008 190206s2012 ag a rb 001 0 spa d
020 _a6071727480
020 _a9786071727480
035 _a(Sirsi) a251616
040 _aPE-LiUPU
_bspa
_cPE-LiUPU
_erda
049 _aPRUA
082 0 4 _a128.5
_bB81
_220
100 1 _aBravo Robles, Lucía,
_eautor.
245 1 0 _a¿Cómo hablar de la muerte con los niños? /
_cLucía Bravo Robles.
250 _aPrimera edición.
264 1 _aMéxico :
_bManantial,
_c2012.
300 _a80 páginas :
_bilustraciones ;
_c23 centímetros
336 _atext
_2rdacontent
337 _aunmediated
_2rdamedia
338 _avolume
_2rdacarrier
504 _aBibliografía: páginas 77.
504 _aÍndice: páginas 79-80.
505 0 _aConceptos de muerte -- principales miedos infantiles -- percepción de la muerte por edades -- sistema educativo en México -- metología -- evaluación del proyecto -- guía para el aplicador -- guía para padres.
526 _aSEG68
526 _aSEG70
526 _aSEG69
526 _aSEG67
526 _aSEG43
526 _aP144
526 _aP143
526 _aP131
526 _aP122
526 _aP120
526 _aP117
526 _aP112
526 _aP110
526 _aP106
526 _aP101
526 _aP80
526 _aP59
526 _aP54
526 _aP35
526 _aP33
526 _aP30
541 _g002-00000786;
650 0 4 _aMuerte.
650 0 4 _aMeditaciones.
910 _adbm
_bksl
_cksl
_d20190206
596 _a1
942 _2ddc
_cBOOK
999 _a128.5 B81
_wDEWEY
_c30993
_i79820
_f2021-11-3
_g3
_lCCODEBUL1
_mBUL
_p8.71
_r0
_sY
_tBOOK
_u2019-2-6
_xSALUD
_zP33
_0COMPRA
_1FCOMPR2
_o.STAFF. Colección Ciencias de la Salud
_d30993
999 _a128.5 B81
_wDEWEY
_c2
_i79821
_f2021-11-3
_g3
_lCCODEBUL1
_mBUL
_p8.71
_r0
_sY
_tBOOK
_u2019-2-6
_xSALUD
_zP33
_0COMPRA
_1FCOMPR2
_o.STAFF. Colección Ciencias de la Salud
980 _81
_gALBERTO SANCHEZ Responsable de Automatización